000 00568nam a2200229Ia 4500
003 OSt
005 20221006151632.0
006 a|||||r|||| 00| 0
007 ta
008 221006b |||||||| |||| 00| 0 hin d
020 _c20.00
024 _a22,836
037 _cTextual
040 _aEASL
_cEASL
_bhin
041 _2hin
_ahin
100 _aRAI Har Prasad
_9659727
245 0 _aHindi-Chini primer
260 _aNew Delhi
_bGandhi Smarak Nidhi
_c1975
300 _a236p.
_ccm.
942 _cTEXL
_2CC
999 _c1090922
_d1090922